| 000 | 01658nam a2200265Ia 4500 | ||
|---|---|---|---|
| 999 |
_c56403 _d56403 |
||
| 001 | 23516 | ||
| 003 | GE_BSU | ||
| 005 | 20260212120709.0 | ||
| 008 | 181216s1981||||ge |||||||||||||| ||geo|| | ||
| 040 | _cGE_BSU | ||
| 041 | _ageo | ||
| 080 | _a94(5)"04/14"(075.8) + 94(6)"04/14"(075.8) ჩ-95 | ||
| 100 |
_aჩხარტიშვილი, გ. _926887 |
||
| 245 |
_aაზიისა და აფრიკის ქვეყნების ისტორია (შუა საუკუნეები) : _bსახელმძღვ. უმაღლ. სასწ. ისტორიის ფაკ-ტების სტუდენტებისათვის / _cგ. ჩხარტიშვილი ; რედ. გრ. მარგიანი. |
||
| 264 |
_aთბილისი : _bგანათლება, _c1981. |
||
| 300 |
_a327გვ. ; _c21 სმ. |
||
| 504 | _aლიტ. სია: გვ.324-326 | ||
| 541 | _h1ლ. 60თ. | ||
| 653 | _aაზიისა და აფრიკის ქვეყნების ისტორია (შუა საუკუნეები) | ||
| 653 | _aსახელმძღვანელოები უმაღლესი სასწავლებლებისათვის | ||
| 653 | _aაფრიკის ქვეყნების შუა საუკუნეების ისტორია -- | ||
| 653 | _aსახელმძღვანელოები უმაღლესი სასწავლებლებისათვის | ||
| 700 |
_aმარგიანი, გრ. _eრედაქტორი _926168 |
||
| 942 |
_cBK _2udc |
||